| 000 | 01279nam a2200385 c 4500 | ||
|---|---|---|---|
| 001 | 48542 | ||
| 003 | ES-MaCES | ||
| 005 | 20161128103052.0 | ||
| 008 | 161121s2016 sp 000 | spa d | ||
| 017 |
_aAB 343-2016 _bDL |
||
| 020 | _a9788416608331 | ||
| 040 |
_aES-MaCES _bspa _cES-MaCES |
||
| 100 | 1 |
_936583 _aTaléns Visconti, Eduardo Enrique |
|
| 245 | 1 | 3 |
_aEl procedimiento de extinción causal del contrato por voluntad del trabajador _b: puntos críticos _cEduardo Enrique Taléns Visconti |
| 250 | _a1ª ed | ||
| 260 |
_aAlbacete _bBomarzo _c2016 |
||
| 300 |
_a122 p. _c21 cm |
||
| 490 | 1 |
_aBásicos de Derecho social _v89 |
|
| 541 | _cCompra | ||
| 650 | 4 |
_aterminación de la relación de trabajo _929986 |
|
| 650 | 4 |
_arenuncia _929184 |
|
| 650 | 4 |
_adespido _928352 |
|
| 650 | 4 |
_aprocedimiento laboral _930887 |
|
| 650 | 4 |
_apreaviso _928350 |
|
| 650 | 4 |
_aindemnización _930642 |
|
| 650 | 4 |
_aEstatuto de los Trabajadores _930784 |
|
| 650 | 4 |
_aderecho del trabajo _927165 |
|
| 650 | 4 |
_aderecho jurisprudencial _929863 |
|
| 650 | 4 |
_aEspaña _926964 |
|
| 650 | 4 |
_arégimen jurídico _929894 |
|
| 653 | 1 | 0 | _aDerecho del trabajo y Seguridad Social |
| 830 | 0 |
_aBásicos de Derecho social _v89 _933978 |
|
| 902 | _aLIB Libro | ||
| 942 |
_2CES _cBK _h6.0.1. |
||
| 999 |
_c48542 _d48542 |
||